000 01815nam a2200325 a 4500
001 BRCA_3358
005 20190320204236.0
008 260309s1895----enka---###---#000-0#eng-#
041 _aeng
044 _aenk
084 _a652
_b.G53
_c1895
100 1 _aCervantes Saavedra, Miguel de
_d1547-1616
_9213
245 1 0 _aThe History of the Valorous and Witty Knight-Errant Don Quixote of la Mancha
_cBy Cervantes; Translated by Thomas Shelton.
260 _aLondres
_bGibbings and Co.
_c1895
300 _a4 v.
_bil.
_c18 cm.
500 _aContenido : v.1. Primera parte. Prefacio por J. Huntly McCarthy. Prólogo del autor. Versos preliminares. Retrato de Cervantes por Kent. -- v.2. Primera parte. Texto. -- v.3. Segunda parte. Prólogo de Cervantes. -- v.4. Segunda parte. Texto
500 _aUna de muchas reproducciones de la edición príncipe de la versión de Thomas Shelton, con una sucinta introducción de J. H. McCarthy en la cual hace indicaciones sobre algunas de las principales traducciones inglesas y otras, para justificar la reimpresión de la primera. El retrato de Cervantes es de Kent y las láminas que carecen de propiedad y originalidad son de Frank Brangwyn. Semipiel; lomeras decoradas con dorados Lúdovik Osterc
500 _aCon ex-libris de : Elsie Aitken
500 _aQM1050
546 _aTexto en : inglés
650 1 4 _aNovela española
_yÉpoca clásica, 1500-1700
_9215
650 1 4 _aLiteratura española
_yÉpoca clásica, 1500-1700
_9216
650 1 4 _aNovela española
_ySiglo XVII
_9217
650 1 4 _aDon Quijote (Personaje ficticio)
_eNovela
_9218
700 1 _aShelton, Thomas
_d?-1626
_eTraductor
_98851
700 1 _aBrangwyn, Frank William
_d1867-1956
_eIlustrador
_98852
740 0 _aEl Ingenioso Hidalgo Don Quijote de la Mancha
902 _aQFM
942 _2lcc
_cB
999 _c3094
_d3094